000 01146nam a22002657a 4500
005 20170124102955.0
010 _aA-439208
020 _c30.00
035 _aA-439208
037 _bCen Lib/Ret
040 _aDPL
_bHN
082 _a821
_bगीताय
245 _aगीतायन /
_cसम्पादक जितेन्द्रनाथ पाठक [और] विश्वनाथ प्रसाद
246 _aGeetayan /
_bsampadak Jeetendranath Pathak [and] Vishvanath Prasad
260 _aवाराणसी
_bसंजय बुक सेन्टर
_c1990
270 _bवाराणसी
_aK-38/6, गोलघर
300 _a102पृ.
_c20सेमी (सजिल्द)
650 _aहिन्दी -- साहित्य
_952803
650 _aहिन्दी -- गीति काव्य
_946937
650 _aHindi -- literature
_952804
650 _aHindi - Lyric
_952805
700 _aपाठक, जितेन्द्रनाथ
_946985
700 _aप्रसाद, विश्वनाथ
_952806
942 _2ddc
_cHN
_h821
_mगीताय
999 _c113560
_d113560